| 000 | 01140nam a2200301Ia 4500 | ||
|---|---|---|---|
| 005 | 20220317000808.0 | ||
| 008 | 160601s2004 ck g 000 0 spa | ||
| 020 | _a9589353290 | ||
| 082 | 0 | 4 |
_a323.01 _bC64dig |
| 100 | 1 | _aColombia. Defensoría del Pueblo | |
| 245 | 1 | 3 |
_aEl derecho a la igualdad _cDefensoría del Pueblo, Red de Promotores de Derechos Humanos ; edición general Catalina Botero Marino |
| 250 | _a1a. edición | ||
| 300 |
_a118 páginas _c24 cm |
||
| 490 | _aRed de Promotores | ||
| 500 | _aIncluye glosario, manual de casos y guía pedagógica | ||
| 650 | 1 | 4 |
_2LEMB _aDerecho humanos _zColombia |
| 650 | 1 | 4 |
_2LEMB _aDerechos humano y estado _zColombia |
| 650 | 1 | 4 |
_2LEMB _aGarantías constitucionales _zColombia |
| 650 | 1 | 4 |
_2LEMB _aIgualdad ante la ley |
| 650 | 1 | 4 |
_2LEMB _aLibertades civiles _zColombia |
| 710 | 1 |
_aRed de Promotores de Derechos Humanos _954497 |
|
| 942 |
_2ddc _cBK |
||
| 264 |
_aBogotá _bDefensoría del Pueblo _c2004 |
||
| 336 |
_atexto _btxt _2rdacontent |
||
| 337 |
_asin mediación _bn _2rdamedia |
||
| 338 |
_avolumen _bnc _2rdacarrier |
||
| 040 |
_aCO-BoRNBP _bspa _erda _cCO-BoRNBP |
||
| 999 |
_c5077 _d5077 |
||